| 000 | 00735nam1a22002171i 4500 | ||
|---|---|---|---|
| 001 | rc\2929381 | ||
| 005 | 20240723212228.0 | ||
| 035 | _a(NLR Aleph) 007078977 | ||
| 090 |
_a6457280 _c6457279 |
||
| 100 | _a20110818d1939 |||y0rusy50 ca | ||
| 101 | 0 | _arus | |
| 102 | _aRU | ||
| 105 | _ay z ||||| | ||
| 200 | 1 |
_aВ помощь сельскому врачу _eВып. 1- _fКабинет больничной и внебольничной помощи Моск. обл. клинич. ин-та |
|
| 210 |
_aМосква _cБ. и. _d1939 _gТип. изд-ва "Моск. рабочий" |
||
| 215 | _d21 см | ||
| 801 | 0 |
_aRU _bNLR _gpsbo |
|
| 801 | 1 |
_aRU _bELAR _2rusmarc |
|
| 852 |
_aNLR _j39-11/1048 |
||
| 852 |
_aNLR _j39-11/2094 |
||
| 942 | _cBOOK | ||